History Quiz

Random History or Islam Quiz

Countries of the Arab Caliphate Empires Quiz Stats

 Plays Quiz not verified by Sporcle

Score 0/135 Timer 08:00
1 Play Today
Caliphate Modern Country % Correct
Rashidun (632-661) Iran
98.1%
Umayyad (661-750) Iran
98.1%
Abbasid (750-1517) Iran
98.1%
Rashidun (632-661) Iraq
97.9%
Umayyad (661-750) Iraq
97.9%
Abbasid (750-1517) Iraq
97.9%
Rashidun (632-661) Saudi Arabia
97.3%
Umayyad (661-750) Saudi Arabia
97.3%
Abbasid (750-1517) Saudi Arabia
97.3%
Fatimid (909-1171) Saudi Arabia
97.3%
Rashidun (632-661) Turkey
97%
Umayyad (661-750) Turkey
97%
Abbasid (750-1517) Turkey
97%
Fatimid (909-1171)Turkey
97%
Rashidun (632-661) Egypt
96.9%
Umayyad (661-750) Egypt
96.9%
Abbasid (750-1517) Egypt
96.9%
Fatimid (909-1171) Egypt
96.9%
Rashidun (632-661) Yemen
95.9%
Umayyad (661-750) Yemen
95.9%
Abbasid (750-1517) Yemen
95.9%
Rashidun (632-661) Israel
95.7%
Umayyad (661-750) Israel
95.7%
Abbasid (750-1517) Israel
95.7%
Fatimid (909-1171) Israel
95.7%
Rashidun (632-661) Oman
95.5%
Umayyad (661-750) Oman
95.5%
Abbasid (750-1517) Oman
95.5%
Rashidun (632-661) Pakistan
94.9%
Umayyad (661-750) Pakistan
94.9%
Abbasid (750-1517) Pakistan
94.9%
Rashidun (632-661)Morocco
94.8%
Umayyad (661-750) Morocco
94.8%
Córdoba (756-1031) Morocco
94.8%
Abbasid (750-1517) Morocco
94.8%
Fatimid (909-1171) Morocco
94.8%
Umayyad (661-750)India
94.7%
Abbasid (750-1517) India
94.7%
Rashidun (632-661) Syria
94.5%
Umayyad (661-750) Syria
94.5%
Abbasid (750-1517) Syria
94.5%
Fatimid (909-1171) Syria
94.5%
Rashidun (632-661) Libya
93.8%
Umayyad (661-750) Libya
93.8%
Abbasid (750-1517) Libya
93.8%
Caliphate Modern Country % Correct
Fatimid (909-1171) Libya
93.8%
Rashidun (632-661)Algeria
93.1%
Umayyad (661-750) Algeria
93.1%
Abbasid (750-1517) Algeria
93.1%
Fatimid (909-1171) Algeria
93.1%
Rashidun (632-661) United Arab Emirates
92.7%
Umayyad (661-750) United Arab Emirates
92.7%
Abbasid (750-1517) United Arab Emirates
92.7%
Rashidun (632-661)Spain
92.2%
Umayyad (661-750) Spain
92.2%
Córdoba (756-1031) Spain
92.2%
Abbasid (750-1517) Spain
92.2%
Rashidun (632-661) Tunisia
92.1%
Umayyad (661-750) Tunisia
92.1%
Abbasid (750-1517) Tunisia
92.1%
Fatimid (909-1171) Tunisia
92.1%
Rashidun (632-661) Afghanistan
92%
Umayyad (661-750) Afghanistan
92%
Abbasid (750-1517) Afghanistan
92%
Rashidun (632-661)Sudan
91.7%
Rashidun (632-661) Sudan
91.7%
Fatimid (909-1171) Sudan
91.7%
Fatimid (909-1171)Sudan
91.7%
Rashidun (632-661) Jordan
91.2%
Umayyad (661-750) Jordan
91.2%
Abbasid (750-1517) Jordan
91.2%
Fatimid (909-1171) Jordan
91.2%
Rashidun (632-661) Lebanon
91.1%
Umayyad (661-750) Lebanon
91.1%
Abbasid (750-1517) Lebanon
91.1%
Fatimid (909-1171) Lebanon
91.1%
Rashidun (632-661) Greece
90.6%
Abbasid (750-1517) Greece
90.6%
Rashidun (632-661) Russia
90.6%
Umayyad (661-750) Russia
90.6%
Abbasid (750-1517) Russia
90.6%
Rashidun (632-661) Qatar
90.1%
Umayyad (661-750) Qatar
90.1%
Abbasid (750-1517) Qatar
90.1%
Rashidun (632-661) Kuwait
89.2%
Umayyad (661-750) Kuwait
89.2%
Abbasid (750-1517) Kuwait
89.2%
Rashidun (632-661) Italy
88.9%
Abbasid (750-1517) Italy
88.9%
Fatimid (909-1171) Italy
88.9%
Caliphate Modern Country % Correct
Rashidun (632-661) Armenia
88.8%
Umayyad (661-750) Armenia
88.8%
Abbasid (750-1517) Armenia
88.8%
Rashidun (632-661) Georgia
87.5%
Umayyad (661-750) Georgia
87.5%
Abbasid (750-1517) Georgia
87.5%
Rashidun (632-661) Azerbaijan
87.3%
Umayyad (661-750) Azerbaijan
87.3%
Abbasid (750-1517) Azerbaijan
87.3%
Rashidun (632-661) Bahrain
86.2%
Umayyad (661-750) Bahrain
86.2%
Abbasid (750-1517) Bahrain
86.2%
Umayyad (661-750) France
86.2%
Abbasid (750-1517) France
86.2%
Rashidun (632-661) Turkmenistan
86.1%
Umayyad (661-750) Turkmenistan
86.1%
Abbasid (750-1517) Turkmenistan
86.1%
Umayyad (661-750) Portugal
85.5%
Córdoba (756-1031) Portugal
85.5%
Abbasid (750-1517) Portugal
85.5%
Rashidun (632-661) Uzbekistan
84.8%
Umayyad (661-750) Uzbekistan
84.8%
Abbasid (750-1517) Uzbekistan
84.8%
Umayyad (661-750) Kazakhstan
84%
Abbasid (750-1517) Kazakhstan
84%
Umayyad (661-750) Palestine
83.1%
Rashidun (632-661) Palestine
83.1%
Abbasid (750-1517) Palestine
83.1%
Fatimid (909-1171) Palestine
83.1%
Rashidun (632-661)Tajikistan
82.8%
Umayyad (661-750) Tajikistan
82.8%
Abbasid (750-1517) Tajikistan
82.8%
Rashidun (632-661) Cyprus
82.2%
Umayyad (661-750) Cyprus
82.2%
Abbasid (750-1517) Cyprus
82.2%
Umayyad (661-750) Kyrgyzstan
78.5%
Abbasid (750-1517) Kyrgyzstan
78.5%
Umayyad (661-750)China
76%
Abbasid (750-1517) China
76%
Abbasid (750-1517) Malta
73.6%
Fatimid (909-1171) Malta
73.6%
Fatimid (909-1171)Eritrea
68.9%
Umayyad (661-750) Mauritania
66.6%
Umayyad (661-750) Andorra
57.7%
Abbasid (750-1517) Andorra
57.7%

You're not logged in!

Compare scores with friends on all Sporcle quizzes.
OR
Log In

Show Comments

Extras

Top Quizzes Today


Score Distribution

Your Account Isn't Verified!

In order to create a playlist on Sporcle, you need to verify the email address you used during registration. Go to your Sporcle Settings to finish the process.

Report this User

Report this user for behavior that violates our Community Guidelines.

Details: